Logique - Mort Subite #29 - Statistiques

Statistiques générales
  • Ce quiz a été pris 210 fois
  • Le résultat moyen est 5 sur 30
Answers on the Grid
Answers color-coded by a green-red scale on the quiz's grid according to % correct below.
Lercanidipine
Cortisone
Cocaïne
Mescaline
Arnica
Amoxicilline
Dafalgan
Synthol
Izagila
Ixprim
Ploufragan
Diclofénac
Menthol
Doliprane
Flector
Vicks
Graviscon
Lansoprazole
Sabledolone
Efferalgan
Colchimax
Izalgi
Nuroflem
Plouguenast
Prednisolone
Saintrast
Anapen
Viagra
Kardegic
Prétopordic
VoltarenPlast
Paracétamol
Spasfon
Kalénoxine
Ventoline
IBU CUP
Tramadol
Jétamodine
Augmentation
Polystyrène
Ibuprofène
Imidazobenzodiazépine
Cetylpyridinium
Sopaline
Midazolam
Advilcaps
Biogaran
Codéine
 
Statistiques - réponses
Réponse % Correct
Cortisone
62%
Doliprane
52%
Dafalgan
43%
Amoxicilline
38%
Arnica
38%
Paracétamol
29%
Efferalgan
27%
Ibuprofène
27%
Viagra
27%
Spasfon
22%
Tramadol
19%
Lercanidipine
15%
Synthol
15%
Ventoline
15%
Flector
14%
Vicks
14%
Biogaran
11%
Diclofénac
9%
VoltarenPlast
9%
Advilcaps
8%
Ixprim
7%
Lansoprazole
5%
Imidazobenzodiazépine
4%
Kardegic
4%
Cetylpyridinium
3%
Colchimax
3%
Midazolam
3%
Prednisolone
3%
Anapen
1%
Izalgi
1%
Aucun quiz correspondant
Distribution des résultats
% des personnes avec chaque résultat
Percentile par nombre de réponses
Votre historique - résultats
Vous n’avez pas pris ce quiz